01025nam a2200253 a 450000100100000000500170001000800410002702000180006804000250008608200140011124502320012526000650035730000210042249000470044350000340049070000310052470000240055570000280057970000210060770000310062870000380065970000350069783000390073200004875220240229073955.0190412s2016 dr 001 0 spa d a9789945901627 aDO-SdBNPbspacBNPHU axxxbxxxx00aSanto Domingo :bvisto por cuatro viajeros 1850-1889 /cRobert Hermann Schomburgk, Frederick Douglass, Rodolphe E. Garczynski, Wilhelm Sievers ; presentación José Chez Checo ; traducción Rosario Flores Paz, Bernardo Vega. aSanto Domingo, :bAcademia Dominicana de la Historia,c2016. a145 p. ;c22 cm.1 aAcademia Dominicana de la Historia;v136 ; aIncluye índice onomástico12aHermann Schomburgk, Robert12aDouglass, Frederick12aGarczynski, Rodolphe E.12aSievers, Wilhelm12aFlores Paz, Rosarioetrad.12aChez Checo, José,d1949-epres.12aVega, Bernardo,d1938 -etrad. aAcademia Dominicana de la Historia